| 000 | 00409pab a2200133 454500 | ||
|---|---|---|---|
| 008 | 180718b xxu||||| |||| 00| 0 eng d | ||
| 100 | _aGuha Sumit | ||
| 245 | _aNutrition, sanitation, hygiene, and the likelyhood of death: the British army in India C.1870-1920 | ||
| 362 | _a47(3), Nov 93, p.385-401 | ||
| 650 | _a Health Care -- U.K. | ||
| 650 | _aU.K. -- Army | ||
| 773 | _aPupulation Studies | ||
| 909 | _a25700 | ||
| 999 |
_c25700 _d25700 |
||